[Event "Nikaia op 12th"]
[Site "Nikaia"]
[Date "2004.??.??"]
[Round "6"]
[White "Obodchuk, Andrei"]
[Black "Shahtahtinsky, Alekper"]
[Result "1/2-1/2"]
[WhiteElo "2445"]
[BlackElo "2325"]
[PlyCount "59"]
[EventDate "2004.08.??"]
[EventType "swiss"]
[EventRounds "9"]
[EventCountry "GRE"]
[SourceTitle "EXT 2007"]
[Source "ChessBase"]
[SourceDate "2006.11.23"]
[SourceVersion "1"]
[SourceVersionDate "2006.11.23"]
[SourceQuality "1"]

1. e4 d6 2. d4 c6 3. c4 e5 4. Nf3 Bg4 5. Be2 Nd7 6. Be3 Bxf3 7. Bxf3 Be7 8. Qd2 h6 9. Nc3 Bg5 10. Rd1 Bxe3 11. Qxe3 Qc7 12. 0-0 Ngf6 13. Be2 0-0 14. f4 Rfe8 15. Kh1 a6 16. fxe5 dxe5 17. d5 c5 18. Rf3 Qd6 19. Rdf1 Re7 20. Bd1 Qb6 21. b3 Ne8 22. Ne2 Nf8 23. Ng3 Nd6 24. Nh5 Ng6 25. Rg3 Rf8 26. Bg4 Nf4 27. Nxf4 exf4 28. Qxf4 Rxe4 29. Qd2 Rd4 30. Qc1 1/2-1/2

[Event "Nikaia op 12th"]
[Site "Nikaia"]
[Date "2004.??.??"]
[Round "5"]
[White "Shahtahtinsky, Alekper"]
[Black "Klokas, Konstantinos"]
[Result "1-0"]
[WhiteElo "2325"]
[BlackElo "2170"]
[PlyCount "76"]
[EventDate "2004.08.??"]
[EventType "swiss"]
[EventRounds "9"]
[EventCountry "GRE"]
[SourceTitle "EXT 2007"]
[Source "ChessBase"]
[SourceDate "2006.11.23"]
[SourceVersion "1"]
[SourceVersionDate "2006.11.23"]
[SourceQuality "1"]

1. d4 Nf6 2. Nf3 g6 3. c4 Bg7 4. Nc3 0-0 5. e4 d6 6. h3 c5 7. dxc5 Qa5 8. Bd2 Qxc5 9. Be2 Be6 10. b3 h6 11. 0-0 Qc8 12. Rc1 Nc6 13. Be3 Bxh3 14. gxh3 Qxh3 15. Nh2 Ne5 16. Bf4 Nh5 17. Bxh5 gxh5 18. Nd5 Kh8 19. Rc3 Qh4 20. Bg3 Qxe4 21. Qxh5 Nd3 22. Rc2 Ne1 23. Rxe1 Qxe1+ 24. Nf1 e5 25. Re2 Qb1 26. Ne7 Qh7 27. Ne3 Bf6 28. N7f5 Qg6 29. Qxh6+ Qxh6 30. Nxh6 Bg5 31. Nhf5 Bxe3 32. Rxe3 f6 33. Nxd6 b6 34. f4 exf4 35. Bxf4 Rg8+ 36. Kf2 Rg4 37. Kf3 Rg7 38. Re6 Rf8 1-0

[Event "Athens Acropolis op"]
[Site "Athens"]
[Date "2003.09.01"]
[Round "8"]
[White "Efstathiou, Damianos"]
[Black "Shahtahtinsky, Alekper"]
[Result "1-0"]
[WhiteElo "2175"]
[BlackElo "2322"]
[PlyCount "103"]
[EventDate "2003.08.25"]
[EventType "swiss"]
[EventRounds "9"]
[EventCountry "GRE"]
[SourceTitle "EXT 2004"]
[Source "ChessBase"]
[SourceDate "2003.11.25"]
[SourceVersion "1"]
[SourceVersionDate "2003.11.25"]
[SourceQuality "1"]

1. Nf3 Nf6 2. c4 c6 3. Nc3 d5 4. d4 a6 5. e3 g6 6. Be2 Bg7 7. 0-0 0-0 8. Ne5 Be6 9. b3 Nbd7 10. f4 c5 11. Bf3 cxd4 12. exd4 Qa5 13. Bd2 Qb6 14. c5 Qc7 15. b4 Rad8 16. Qb3 Nxe5 17. fxe5 Ne4 18. Bf4 f5 19. Bxe4 fxe4 20. Nxe4 Qd7 21. Ng3 Qc6 22. Bg5 Rxf1+ 23. Nxf1 Qd7 24. a4 Bf5 25. b5 Be4 26. h3 h6 27. Bd2 Rc8 28. Ng3 e6 29. Re1 Bf5 30. Nxf5 gxf5 31. Rb1 axb5 32. Qxb5 Qxb5 33. Rxb5 Rc7 34. Rb6 Kf7 35. g4 fxg4 36. hxg4 Bf8 37. Kg2 Rd7 38. Kh3 Be7 39. Bxh6 Bd8 40. Rd6 Rxd6 41. exd6 e5 42. dxe5 Ke6 43. Bf4 d4 44. Kg2 Ba5 45. Kf3 d3 46. Ke3 d2 47. Ke2 Bc3 48. Bxd2 Bxe5 49. Kd3 Kd5 50. Be3 Bf6 51. g5 Bd8 52. Bd4 1-0

[Event "Athens Acropolis op"]
[Site "Athens"]
[Date "2003.08.29"]
[Round "5"]
[White "Gikas, Andreas Basilius"]
[Black "Shahtahtinsky, Alekper"]
[Result "1-0"]
[WhiteElo "2224"]
[BlackElo "2322"]
[PlyCount "119"]
[EventDate "2003.08.25"]
[EventType "swiss"]
[EventRounds "9"]
[EventCountry "GRE"]
[SourceTitle "EXT 2004"]
[Source "ChessBase"]
[SourceDate "2003.11.25"]
[SourceVersion "1"]
[SourceVersionDate "2003.11.25"]
[SourceQuality "1"]

1. e4 g6 2. d4 Bg7 3. Nc3 d6 4. Bc4 Nf6 5. Qe2 e5 6. dxe5 dxe5 7. Bd2 Nc6 8. Nf3 Bg4 9. Bb5 0-0 10. Bxc6 bxc6 11. h3 Be6 12. Bg5 Qb8 13. b3 c5 14. 0-0 c6 15. Na4 c4 16. Nc5 cxb3 17. axb3 Bc8 18. Rfd1 Re8 19. Nd2 Nh5 20. Nc4 Nf4 21. Qf3 f6 22. Bxf4 exf4 23. Nd7 Qc7 24. Ndb6 Rb8 25. Nd6 Rf8 26. Nbxc8 Rbxc8 27. Nxc8 Rxc8 28. Ra4 Bf8 29. Rad4 Bc5 30. Rd7 Qe5 31. b4 Be7 32. Qb3+ Kf8 33. f3 Re8 34. Qc4 a5 35. bxa5 Qxa5 36. Qxc6 Qe5 37. Kh1 h5 38. c4 g5 39. Qd5 Qc3 40. Qe6 Qc2 41. e5 Qe2 42. Qf5 Qxe5 43. Qxe5 fxe5 44. R7d5 Bf6 45. Kg1 e4 46. Rf5 Kg7 47. fxe4 Rxe4 48. Rc1 Kg6 49. Rd5 g4 50. hxg4 hxg4 51. c5 Bd4+ 52. Kf1 Be3 53. Ra1 Re6 54. Rd6 Kf6 55. Rxe6+ Kxe6 56. Re1 Kd5 57. Rxe3 fxe3 58. Ke2 Kxc5 59. Kxe3 Kd5 60. Kf4 1-0

[Event "Athens Acropolis op"]
[Site "Athens"]
[Date "2003.08.26"]
[Round "2"]
[White "Shahtahtinsky, Alekper"]
[Black "Mitsakos, Achilles"]
[Result "1-0"]
[WhiteElo "2322"]
[BlackElo "1977"]
[PlyCount "43"]
[EventDate "2003.08.25"]
[EventType "swiss"]
[EventRounds "9"]
[EventCountry "GRE"]
[SourceTitle "EXT 2004"]
[Source "ChessBase"]
[SourceDate "2003.11.25"]
[SourceVersion "1"]
[SourceVersionDate "2003.11.25"]
[SourceQuality "1"]

1. d4 Nf6 2. Nc3 d6 3. Nf3 Nbd7 4. e4 e5 5. Bc4 Be7 6. h3 0-0 7. 0-0 c6 8. Re1 Re8 9. Ng5 Rf8 10. a4 h6 11. Nf3 a6 12. a5 Qc7 13. Be3 Re8 14. Bf1 Bf8 15. Nd2 g5 16. Bd3 Bg7 17. Nc4 d5 18. Nb6 Nxb6 19. axb6 Qd6 20. dxe5 Qxe5 21. exd5 Nxd5 22. Bd2 1-0

[Event "GRE-chT 32nd"]
[Site "Kallithea"]
[Date "2003.07.10"]
[Round "8"]
[White "Shahtahtinsky, Alekper"]
[Black "Tsorbatzoglou, Theodoros"]
[Result "1/2-1/2"]
[WhiteElo "2322"]
[BlackElo "2255"]
[PlyCount "26"]
[EventDate "2003.07.04"]
[EventType "team-tourn"]
[EventRounds "9"]
[EventCountry "GRE"]
[SourceTitle "CBM 095 Extra"]
[Source "ChessBase"]
[SourceDate "2003.09.04"]
[SourceVersion "1"]
[SourceVersionDate "2003.09.04"]
[SourceQuality "1"]

1. Nf3 c5 2. e4 e6 3. c3 d5 4. exd5 Qxd5 5. d4 Nf6 6. Na3 Bd7 7. Nb5 Na6 8. Ne5 cxd4 9. Nxd7 Nxd7 10. Qxd4 Qxd4 11. Nxd4 Nc7 12. Nb5 Nxb5 13. Bxb5 a6 1/2-1/2

[Event "GRE-chT 32nd"]
[Site "Kallithea"]
[Date "2003.07.06"]
[Round "3"]
[White "Shahtahtinsky, Alekper"]
[Black "Vragoteris, Antonios"]
[Result "1/2-1/2"]
[WhiteElo "2322"]
[BlackElo "2339"]
[PlyCount "94"]
[EventDate "2003.07.04"]
[EventType "team-tourn"]
[EventRounds "9"]
[EventCountry "GRE"]
[SourceTitle "CBM 095 Extra"]
[Source "ChessBase"]
[SourceDate "2003.09.04"]
[SourceVersion "1"]
[SourceVersionDate "2003.09.04"]
[SourceQuality "1"]

1. Nf3 f5 2. e4 fxe4 3. Ng5 d5 4. d3 Qd6 5. dxe4 h6 6. Nh3 dxe4 7. Qe2 Nf6 8. Nc3 Bg4 9. Qc4 Nc6 10. Be3 0-0-0 11. Be2 Bxe2 12. Kxe2 e5 13. Nxe4 Nd4+ 14. Bxd4 Nxe4 15. Be3 Qg6 16. Rhd1 Qg4+ 17. Ke1 Rxd1+ 18. Rxd1 Nxf2 19. Qxg4+ Nxg4 20. Bg1 Bd6 21. Ke2 Kd7 22. Nf2 Nxf2 23. Bxf2 Ke6 24. c4 c6 25. a4 Bc7 26. b4 a6 27. b5 axb5 28. axb5 cxb5 29. cxb5 Ra8 30. Rd2 Bd6 31. h3 Ra5 32. Rb2 Ra4 33. Rc2 Ra5 34. Rb2 Ra3 35. Be3 e4 36. Rc2 Rb3 37. b6 Kd5 38. Rc8 Rb2+ 39. Kf1 Rb3 40. Ke2 Rb2+ 41. Kf1 Be5 42. Re8 Bf6 43. Rc8 Rb3 44. Kf2 Rc3 45. Rc7 Be5 46. Rxb7 Rc2+ 47. Kf1 Rc3 1/2-1/2

[Event "Nikaia op 10th"]
[Site "Nikaia"]
[Date "2002.08.24"]
[Round "6"]
[White "Shahtahtinsky, Alekper"]
[Black "Stoumbos, Konstantinos"]
[Result "1-0"]
[WhiteElo "2302"]
[BlackElo "2144"]
[PlyCount "112"]
[EventDate "2002.08.19"]
[EventType "swiss"]
[EventRounds "9"]
[EventCountry "GRE"]
[SourceTitle "CBM 089 Extra"]
[Source "ChessBase"]
[SourceDate "2002.09.10"]
[SourceVersion "2"]
[SourceVersionDate "2002.09.10"]
[SourceQuality "1"]

1. d4 Nf6 2. c4 g6 3. f3 Bg7 4. e4 d6 5. Nc3 0-0 6. Be3 Nc6 7. Qd2 a6 8. Nge2 Rb8 9. a4 a5 10. Rd1 e5 11. d5 Nb4 12. c5 dxc5 13. Bxc5 Nd7 14. Be3 Qe7 15. Nc1 Nc5 16. Bc4 Rd8 17. 0-0 Bd7 18. b3 Be8 19. N1a2 Ne6 20. Nxb4 axb4 21. Ne2 b5 22. axb5 Bxb5 23. Qc2 Nc5 24. Bxb5 Rxb5 25. Qc4 Rdb8 26. Ra1 Bf8 27. Ra7 Qd8 28. Rfa1 Bd6 29. R1a5 Rxa5 30. Rxa5 Nd7 31. Qc6 Kg7 32. Nc1 f5 33. Nd3 fxe4 34. fxe4 Qe7 35. Ra1 Rf8 36. Rf1 Rxf1+ 37. Kxf1 h6 38. Ke2 Nf6 39. Nf2 Qf8 40. Ng4 Nxg4 41. Qd7+ Qe7 42. Qxg4 Qe8 43. Kf2 h5 44. Qe2 Qf8+ 45. Kg3 Bc5 46. Bg5 Be7 47. Bd2 Bc5 48. Qf3 Qd8 49. h3 Be7 50. Qe3 Kf7 51. Qh6 Qg8 52. Kf3 Ke8 53. Ke2 Kd7 54. Qe3 Qf8 55. Qd3 Qb8 56. Qa6 Bd6 1-0